Statistiques concernant Les joueurs les plus capés du PSG

Cliquez ici pour prendre le quiz!

Statistiques générales

  • Ce quiz a été pris 88 fois
  • Le résultat moyen est 4 sur 10

Statistiques - réponses

ClassementRéponse% Correct
1Marquinhos
89%
10Kylian Mbappé
86%
8Thiago Silva
79%
3Marco Verratti
78%
7Bernard Lama
21%
2Jean-Marc Pilorget
21%
4Sylvain Armand
21%
5Safet Sušić
16%
9Mustapha Dahleb
11%
6Paul Le Guen
10%

Distribution des résultats

Percentile par nombre de réponses

% des personnes avec chaque résultat

Votre développement - résultats

Vous n’avez pas pris ce quiz